00419pab a2200145 454500008004000000100001700040245009700057260000900154300001300163362001200176650002600188650001800214700002100232773002000253180718b2001 xxu||||| |||| 00| 0 eng d aSuganthi, L. aStudies on the factors influencing the progress of women at work using discriminant analysis c2001 ap.30-43. aOct-Dec aWomen workers - India aWomen workers aSamuel, Anand A. aIASSI Quarterly